| 000 | 00856nas a2200265 4500 | ||
|---|---|---|---|
| 001 | BR9703620 | ||
| 003 | BR-BrBNA | ||
| 005 | 20231205100321.0 | ||
| 007 | ta | ||
| 008 | 230509b bl.|||p| |||| 00| 00por d | ||
| 040 |
_aBR-BrBNA _bpor _cBiblioteca Nacional de Agricultura |
||
| 041 | _a(Pt) | ||
| 072 | _aA50; E14 | ||
| 100 | 1 | _aUribe, A. | |
| 100 | 1 | _aPerez, J.F. | |
| 100 | 1 | _aCarvalho, Y.M.C. de | |
| 245 | 1 | _aTransferencia de tecnologia ambientalmente apropriada: uma proposta | |
| 650 | _aAdministracao de Pesquisa | ||
| 650 | _aPlanejamento de Pesquisa | ||
| 650 | _aMetodo de Pesquisa | ||
| 650 | _aTransferencia de Tecnologia | ||
| 773 | 0 |
_tInformacoes Economicas - Instituto de Economia Agricola (Brazil) _xISSN 0100-4409 _g(Apr 1997), v. 27(4) p. 7-17 _wBR9703620 |
|
| 909 |
_a202311 _bLúcia _c55 _dLúcia Elande |
||
| 942 |
_2AGRIS _n0 _cANA |
||
| 999 |
_c155326 _d155326 |
||